000 00313nam a2200121 a 4500
005 20140513081053.0
008 031023s19uu xx 00 eng d
050 _aP
_bSIG 2002
245 _aSigns and symbols in Music.
260 _bCebu Green Emerald,
_c2002.
650 _aMusical Notes--Poster
999 _c116417
_d116417